000 00811nam a2200265 a 4500
001 1978900
005 20180802155940.0
008 881012s1986 ke a b 000 0 eng
010 _a 88980669
040 _aDLC
_cDLC
_dDLC
043 _af-tz---
050 0 0 _aBR1443.T3
_bS24 1986
082 0 0 _a276.78
_219
100 1 _aSahlberg, Carl-Erik,
_d1945-
651 0 _aTanzania
245 1 0 _aFrom Krapf to Rugambwa--a church history of Tanzania /
_cCarl-Erik Sahlberg.
260 _aNairobi, Kenya :
_bEvangel Pub. House,
_cc1986.
300 _a190 p. :
_bill. ;
_c22 cm.
504 _aBibliography: p. 188-190.
650 0 _aMissions
_zTanzania.
651 0 _xChurch history.
906 _a7
_bcbc
_corignew
_d3
_encip
_f19
_gy-gencatlg
942 _2lcc
_cBK
999 _c53352
_d53352